| 000 -LEADER |
| fixed length control field |
01593pab a2200193 454500 |
| 008 - FIXED-LENGTH DATA ELEMENTS--GENERAL INFORMATION |
| fixed length control field |
180718b2007 xxu||||| |||| 00| 0 eng d |
| 100 ## - MAIN ENTRY--PERSONAL NAME |
| Personal name |
Gilsing, Rob |
| 245 ## - TITLE STATEMENT |
| Title |
Intergovernmental relations and the effectiveness of local governance: the case of Dutch youth policy |
| 260 ## - PUBLICATION, DISTRIBUTION, ETC. |
| Date of publication, distribution, etc. |
2007 |
| 300 ## - PHYSICAL DESCRIPTION |
| Extent |
p.45-64. |
| 362 ## - DATES OF PUBLICATION AND/OR SEQUENTIAL DESIGNATION |
| Dates of publication and/or sequential designation |
Mar |
| 520 ## - SUMMARY, ETC. |
| Summary, etc. |
In the Netherlands, national government sets the frameworks for youth policy, while local government should play a crucial role in realizing national goals. Local government is supposed to be better equipped for realizing effective policies. Yet national government tries to influence local policies. Furthermore, local government's role in general has changed significantly because of the shift towards governance. The questions raised are whether local government is capable of pursuing effective governance in youth policies and how national policies affect the governance role of local government. These questions are answered by an extensive examination of youth policy in 72 municipalities and by assessing national policy on its possible impact. The results suggest that national policy strongly affects local youth policy, both by setting the agenda as well as by frustrating local governance. Diffuse defined responsibilities and strong mutual dependencies create a complex interwoven policy arena that impedes effective policies. - Reproduced. |
| 650 ## - SUBJECT ADDED ENTRY--TOPICAL TERM |
| Topical term or geographic name entry element |
Youth |
| 650 ## - SUBJECT ADDED ENTRY--TOPICAL TERM |
| Topical term or geographic name entry element |
Local government |
| 650 ## - SUBJECT ADDED ENTRY--TOPICAL TERM |
| Topical term or geographic name entry element |
Intergovernmental relations |
| 773 ## - HOST ITEM ENTRY |
| Main entry heading |
International Review of Administrative Sciences |
| 908 ## - PUT COMMAND PARAMETER (RLIN) |
| Put command parameter |
N |
| 909 ## - |
| -- |
73806 |